Organizations (Record no. 351523)

000 -LEADER
fixed length control field 00475nam a22001937a 4500
003 - CONTROL NUMBER IDENTIFIER
control field OSt
005 - DATE AND TIME OF LATEST TRANSACTION
control field 20180116183048.0
008 - FIXED-LENGTH DATA ELEMENTS--GENERAL INFORMATION
fixed length control field 160725b xxu||||| |||| 00| 0 eng d
020 ## - INTERNATIONAL STANDARD BOOK NUMBER
International Standard Book Number 025603263
040 ## - CATALOGING SOURCE
Transcribing agency 0
082 ## - DEWEY DECIMAL CLASSIFICATION NUMBER
Classification number 658.4 GIB 1985
100 ## - MAIN ENTRY--PERSONAL NAME
Personal name Gibson
245 ## - TITLE STATEMENT
Title Organizations
Remainder of title Behavior Structure Process
Statement of responsibility, etc. Gibson
250 ## - EDITION STATEMENT
Edition statement 5th
260 ## - PUBLICATION, DISTRIBUTION, ETC.
Place of publication, distribution, etc. USA
Name of publisher, distributor, etc. Business Publications Inc.
300 ## - PHYSICAL DESCRIPTION
Extent 757 +p.
Other physical details HB
440 ## - SERIES STATEMENT/ADDED ENTRY--TITLE
Title Organizations
942 ## - ADDED ENTRY ELEMENTS (KOHA)
Source of classification or shelving scheme
Koha item type Book
Holdings
Withdrawn status Lost status Source of classification or shelving scheme Damaged status Not for loan Collection code Permanent Location Current Location Shelving location Date acquired Total Checkouts Full call number Barcode Date last seen Price effective from Koha item type
            Central Library (CL) Central Library (CL) General Stacks 07/25/2016   658.4 GIB 1985 NBSD-2499 07/25/2016 07/25/2016 Book
© 2023 Central Library, National University of Sciences and Technology. All Rights Reserved.